| 000 | 00000nam 2200000za 4500 |
| 001 | 9.840820 |
| 003 | CaOODSP |
| 005 | 20221107151933 |
| 007 | cr ||||||||||| |
| 008 | 170801s1971 oncad ob f000 0 eng d |
| 040 | |aCaOODSP|beng |
| 043 | |an-cn--- |
| 086 | 1 |aM38-8/105E-PDF|zM38-8/105 |
| 100 | 1 |aMalhotra, V. M. |
| 245 | 10|aConcrete rings for determining tensile strength of concrete |h[electronic resource] ; |bEffect of specimen size on tensile strength of concrete / |cV.M. Malhotra. |
| 246 | 30|aEffect of specimen size on tensile strength of concrete |
| 260 | |aOttawa : |bInformation Canada, |c1971. |
| 300 | |ap. 354-357, p. 467-469 : |bcharts, ill. |
| 490 | 1 |aReprint series ; |vRS 105 |
| 500 | |aCover title. |
| 500 | |a"Reprinted from the Journal of the American Concrete Institute, volume 67, no. 4, 1970." |
| 500 | |a"Reprinted from the Journal of the American Concrete Institute, volume 67, no. 6, 1970." |
| 500 | |a"Mineral Processing Division." |
| 500 | |aHistorical publication digitized from print 2017 [by Natural Resources Canada]. |
| 504 | |aIncludes bibliographical references. |
| 692 | 07|2gccst|aConcrete |
| 692 | 07|2gccst|aTesting |
| 710 | 1 |aCanada. |bNatural Resources Canada. |
| 710 | 1 |aCanada. |bDepartment of Energy, Mines and Resources. |
| 710 | 1 |aCanada. |bMines Branch. |
| 830 | #0|aReprint series - Dept. of Energy, Mines and Resources, Mines Branch ;|vRS 105|w(CaOODSP)9.834843 |
| 856 | 40|qPDF|s2.31 MB|uhttps://publications.gc.ca/collections/collection_2017/rncan-nrcan/M38-8/M38-8-105-eng.pdf |
| 986 | |a300184 |